[Event "Aruba m2"]
[Site "Aruba"]
[Date "1995.??.??"]
[Round "8"]
[White "Polgar, Judit"]
[Black "Piket, Jeroen"]
[Result "1-0"]
[WhiteElo "2635"]
[BlackElo "2625"]
[Annotator "Ftacnik,L"]
[PlyCount "81"]
[EventDate "1995.10.??"]
[EventType "match"]
[EventRounds "8"]
[EventCountry "NAU"]
[SourceTitle "CBM 050"]
[Source "ChessBase"]
[SourceDate "1996.02.01"]
[SourceVersion "1"]
[SourceVersionDate "1996.02.01"]
[SourceQuality "1"]

1. e4 c5 2. Nf3 e6 3. d4 cxd4 4. Nxd4 a6 5. Nc3 Qc7 6. Bd3 Nf6 7. O-O d6 8. f4
(8. Kh1 g6 (8... Nc6 9. Be3 g6 10. f4 Bg7 11. Nf3 O-O 12. Qe1 b5 13. Qh4 Re8
14. e5 Nd5 15. Nxd5 exd5 16. f5 gxf5 17. exd6 Qxd6 18. Bf4 Qf6 19. Bg5 Qxb2 20.
Rab1 Qa3 21. Bf6 Qd6 22. Bxg7 Kxg7 23. Ng5 {Tischbierek,R-Den Boer,B/Oostende
op (09)/1991/1/2-1/2 (43)}) 9. f4 Bg7 10. f5 Nc6 11. Nxc6 bxc6 12. Bg5 Nd7 13.
fxe6 fxe6 14. Qg4 Ne5 15. Qh4 Rb8 16. Rab1 c5 17. Qh3 Qd7 18. Be2 Nf7 19. Bf6
O-O 20. Bxg7 Kxg7 21. Qh4 Ne5 22. Rxf8 Kxf8 {Savova,S-Gheorghiu,F/Berlin op 
(02)/1988/0-1 (54)}) (8. Be3 Nbd7 9. f4 b5 10. a3 Bb7 11. Qf3 Be7 12. Qg3 g6
13. Nf3 Nc5 14. Bd4 O-O 15. Ng5 Nh5 16. Qg4 e5 17. fxe5 dxe5 18. Be3 Rad8 19.
Rad1 Nf4 20. Bxf4 exf4 21. Nh3 Ne6 22. Nxf4 Nxf4 23. Qxf4 {Trkaljanov,
V-Kovacevic,Sl/JUG-ch (05)/1991/0-1 (55)}) 8... g6 (8... Bd7 9. Nf3 Nc6 10. Qe2
g6 11. e5 Ng4 12. h3 Qb6+ 13. Kh1 h5 14. g3 Nh6 15. Be3 Qa5 16. Qf2 d5 17. Bb6
Qb4 18. a3 Qe7 19. Nh4 Rg8 20. Rae1 Nd8 21. Kh2 Bc6 22. Ne2 Bb5 23. f5 Nxf5 24.
Nxf5 gxf5 {Zuse,P-Kurz,E/Mannheim BM (07)/1990/0-1 (51)}) 9. f5 $5 (9. Nf3 Nc6
10. Qe1 Bg7 11. Qh4 O-O 12. Kh1 b5 13. f5 b4 14. Ne2 exf5 15. exf5 d5 16. Bh6
Ne5 17. Bxg7 Kxg7 18. Nf4 Nxd3 19. Qxf6+ Kxf6 20. Nxd5+ Kxf5 21. Nxc7 Ra7 22.
Nd4+ Kg4 23. Nd5 Ne5 24. Nf6+ Kh4 25. Rae1 Rd8 26. Re4+ {1-0 Akopian,V-Psakhis,
L/Manila olm/1992/}) 9... Bg7 (9... Qb6 10. Be3 e5 11. fxg6 $1 exd4 (11... hxg6
12. Rxf6 exd4 13. Nd5 $16) 12. gxf7+ Kd8 (12... Kxf7 13. Rxf6+ Kxf6 14. Nd5+
$18) 13. Na4 Qa7 14. Bg5 $18) 10. Bg5 O-O 11. Kh1 Bd7 (11... Nc6 12. Nf3 Ne5
13. Nxe5 dxe5 14. Qd2 b5 15. a3 Bb7 16. Qe3 Rae8 17. Qg3 Qb6 18. fxg6 fxg6 19.
Qh4 Nh5 20. g3 Bc6 {Ladisic,S-Martinovic,S/Chartres op (07)/1990/0-1 (56)}) 12.
Qf3 Nc6 13. Nxc6 Bxc6 (13... bxc6 14. e5 dxe5 15. Bxf6 Bxf6 16. Ne4 Bg7 17. f6
$13) 14. Qh3 Rae8 15. Qh4 Qe7 {The disadvantage of the absence of the second N
on d7. White is quite correctly pressing against the only vulnerable square f6.
} 16. Rae1 h6 $2 (16... b5 17. Re3 b4 18. Rh3 h5 19. Ne2 exf5 20. Nf4 (20. exf5
Qb7 $132) 20... fxe4 21. Nxh5 gxh5 22. Bxf6 Bxf6 23. Qxh5 Bh4 24. Rxh4 f5 25.
Bc4+ d5 26. Qh8+ Kf7 27. Rh7+) 17. Bxh6 Bxh6 18. Qxh6 exf5 19. Bc4 $1 {Black's
combination in order to get relief and take advantage of the pressure along
the e file has one weak point -it is not correct.} (19. exf5 $2 Qxe1 20. fxg6
Qe3 21. Qxe3 Rxe3 22. Rxf6 Re1+ 23. Rf1 Rxf1+ 24. Bxf1 fxg6 $17) 19... d5 $8
20. exd5 Qxe1 21. dxc6 Qxf1+ (21... Nh5 22. cxb7 Qe5 23. Qxg6+ Ng7 24. Qxa6 $18
) (21... Qe5 22. Qxg6+ (22. cxb7 Ng4 23. Qxg6+ Qg7 24. Qxa6 Ne3 25. Rf2 $16)
22... Kh8 23. Qh6+ Nh7 24. cxb7 $18) 22. Bxf1 Re1 23. Kg1 bxc6 24. Qh4 Re6 25.
Bc4 Rd6 26. Qg3 Ne8 (26... Rfd8 $2 27. Qxg6+) 27. Bxa6 Kg7 28. Bc4 Rd7 29. Qe5+
(29. Bd3 Nd6 30. Qf3 $18) 29... Nf6 30. h3 Re8 31. Qc5 Rd2 32. a4 f4 (32...
Rxc2 33. Qxc6 Rd8 34. Qc7 Rd7 35. Qe5 $18) 33. Be2 (33. Qxc6 Re1+ 34. Kh2 Rxc2
35. Qb7 Rcc1 36. Qxf7+ Kh6 37. g4 Rc2+ 38. Ne2 Rcxe2+ 39. Bxe2 Rxe2+ 40. Kg1
Ne4 41. Qxf4+ $18) 33... Rxc2 (33... Rdxe2 34. Nxe2 Rxe2 35. Qxc6 $18) 34. Qd4
Rcxe2 (34... Rxb2 35. Bf3 $18) 35. Nxe2 Rxe2 36. a5 c5 37. Qc3 (37. Qxc5 Rxb2
38. a6 Ra2 39. a7 $18) 37... Re3 38. Qc1 (38. Qxc5 Re1+ 39. Kh2 Ne4 40. Qe5+ f6
41. Qxf4 $18) 38... Re4 39. Qa1 Rb4 40. a6 Nd5 41. Qa5 $1 (41. a7 Nb6 42. Qa5
$18) 1-0

[Event "EU-chT (Men) 16th"]
[Site "Heraklion"]
[Date "2007.10.28"]
[Round "1.1"]
[White "Jobava, Baadur"]
[Black "Steingrimsson, Hedinn"]
[Result "1-0"]
[WhiteElo "2644"]
[BlackElo "2533"]
[Annotator "Ftacnik,L"]
[PlyCount "41"]
[EventDate "2007.10.28"]
[EventType "team-swiss"]
[EventRounds "9"]
[EventCountry "GRE"]
[SourceTitle "CBM 121"]
[Source "ChessBase"]
[SourceDate "2007.11.14"]
[SourceVersion "1"]
[SourceVersionDate "2007.11.14"]
[SourceQuality "1"]
[WhiteTeam "Georgia"]
[BlackTeam "Iceland"]
[WhiteTeamCountry "GEO"]
[BlackTeamCountry "ISL"]

1. e4 c5 2. Nf3 e6 3. Nc3 a6 4. Be2 b5 5. d4 cxd4 6. Nxd4 Bb7 7. O-O Qc7 8. Re1
Nf6 9. Bf3 d6 10. a4 bxa4 11. Nd5 $5 {[%mdl 128] White is storming enemy's
barricades in the moment, when all his own pieces enjoy instant access to the
battlefield.} exd5 (11... Nxd5 12. exd5 e5 13. Rxa4 (13. c3 g6 14. Qxa4+ Nd7
15. Nc6 f6 16. Qg4 Kf7 17. Qe6+ Kg7 18. Ra4 h5 19. Rc4 Nb6 {0-1 Bernard,B 
(2285)-Navratil,F (2205)/Czechia 2005 (41)} 20. Bg5 $1 $18) (13. Bg5 Nd7 14. b3
h6 15. Bh4 g6 16. Rxa4 Bg7 17. Rc4 Qb6 18. Nc6 Nf6 19. Rf4 g5 20. Rb4 $16 {
0-1 Morozov,E (2288)-Kosov,I (2175)/Voronezh 2005 (38)}) 13... Be7 14. Nf5 O-O
15. Be4 g6 16. Qf3 Bf6 17. Nh6+ Kg7 18. Ng4 Be7 19. Bh6+ Kh8 20. Bxf8 Bxf8 21.
Bxg6 hxg6 22. Qh3+ Kg8 23. Nf6+ {1-0 Dhar Barua,S (2185)-Sareen,V (2351)/
Calcutta 2000}) 12. exd5+ Kd8 13. Rxa4 Nxd5 $2 {When two are doing the same it
is not necessarily equaly good! The greedy move of taking on d5 is simply too
daring in the moment, when nearly all Steingrimsson's pieces are still
sleeping at home.} (13... Nbd7 14. Nc6+ Bxc6 15. dxc6 Nc5 16. Rb4 Rb8 17. Bd2
Rxb4 18. Bxb4 Kc8 19. Qa1 Qb6 20. Ba5 Qa7 21. Bg4+ Ne6 22. Rxe6 fxe6 23. Bxe6+
Kb8 24. c7+ Qxc7 25. Bxc7+ Kxc7 26. Qxa6 {1-0 Najdoski,T (2598)-Solak,D (2515)/
Internet ICC 2002}) 14. Bg5+ (14. Bd2 $5 a5 (14... Nb6 $2 15. Bg5+ $18) 15.
Bg5+ Nf6 16. Nb5 Qd7 (16... Qb6 17. Qe2) 17. Bxf6+ gxf6 18. Qd4 Qxb5 19. Bxb7
Qxb7 20. Qxf6+ Kc7 21. Qxh8 $18) 14... Be7 (14... Ne7 15. Bxb7 Qxb7 16. Nf5 $18
) (14... Nf6 15. Bd2 a5 16. Bxb7 Qxb7 17. Bxa5+ Rxa5 18. Rxa5 $16) 15. Bxd5 $1
Bxg5 16. Rc4 Qb6 (16... Qd7 17. Be6 (17. Qf3 Re8 18. Rxe8+ Qxe8 19. g3 Nd7 20.
Bxb7 Ne5 21. Qd5 Nxc4 22. Bxa8 Qe1+ 23. Kg2 $18) 17... fxe6 18. Nxe6+ Qxe6 19.
Rxe6 Be7 20. Rxd6+ $18) (16... Bxd5 17. Rxc7 Kxc7 18. Nf5 Kc6 19. c4 $1 $18)
17. Bxf7 {Jobava is clearly spoiled for choice, most sensible continuations
are already winning for him.} (17. Bxb7 Qxb7 18. Nf5 Qb6 (18... d5 19. Nd6 $18)
19. Qd5 $18) 17... Bf6 18. Ne6+ Ke7 (18... Kd7 19. Nc5+ Kd8 20. Nxb7+ Qxb7 21.
Qxd6+ Nd7 22. Rce4 Kc8 23. Be6 $18) 19. Nxg7+ (19. Rc7+ Qxc7 20. Nxc7+ Kxf7 21.
Qxd6 $18) 19... Kf8 (19... Kxf7 20. Qh5+ Kf8 21. Re8+ Kxg7 22. Rg4+ $18) (19...
Kd8 20. Ne6+ Ke7 21. Rc7+ $18) 20. Re8+ Kxg7 (20... Kxf7 21. Qh5+ $18) 21. Qg4+
{The punishment is perfect as the black king will be mated.} 1-0

[Event "Parnu-B"]
[Site "Parnu"]
[Date "1996.02.04"]
[Round "3"]
[White "Liiva, Riho"]
[Black "Kveinys, Aloyzas"]
[Result "0-1"]
[WhiteElo "2425"]
[BlackElo "2500"]
[Annotator "Gagarin,V"]
[PlyCount "76"]
[EventDate "1996.02.??"]
[EventType "tourn"]
[EventRounds "9"]
[EventCountry "EST"]
[EventCategory "10"]
[SourceTitle "CBM 052"]
[Source "ChessBase"]
[SourceDate "1996.06.01"]
[SourceVersion "1"]
[SourceVersionDate "1996.06.01"]
[SourceQuality "1"]

1. e4 c5 2. Nf3 e6 3. Nc3 a6 4. g3 b5 5. d4 cxd4 6. Nxd4 Bb7 7. Bg2 Nf6 (7...
b4 $1 8. Na4 Nf6) 8. Qe2 d6 9. O-O Nbd7 10. Nxe6 $1 {N/} (10. a3 Qc7 11. f4 Rc8
12. h3 Be7 $5 $13 (12... Qc4 13. Qf2 d5 14. e5 Bc5 15. Be3 Ne4 16. Nxe4 dxe4
17. Nb3 Qxc2 18. Nxc5 Qxf2+ 19. Rxf2 Nxc5 20. Rc1 Nd7 21. Rxc8+ Bxc8 22. Bxe4
$16 {Fine,R-Najdorf,M/New York/1948/1:0/44/})) (10. Rd1 Qc7 11. a4 b4 $5 (11...
bxa4 12. Rxa4 Rc8 13. Nd5 $1 exd5 14. exd5+ Be7 15. Nf5 Ne5 16. Nxg7+ Kf8 17.
Bh6 Qxc2 18. Nf5+ Ke8 19. Qxc2 Rxc2 20. Bg7 $18 {Varga,Z-Van Mil,J/HUN/1989/1:
0/24/}) 12. Nd5 exd5 13. exd5+ Kd8 14. Nc6+ $44) 10... fxe6 11. e5 Bxg2 12.
exf6 Qxf6 (12... Bxf1 $2 13. Qxe6+ Be7 14. fxg7 Rf8 15. Kxf1 $18) 13. Kxg2 Be7
14. Re1 Kf7 $2 (14... Rf8 $2 15. Bf4 Nc5 (15... g5 16. Ne4 $18) 16. b4 $1 g5
17. Bxd6 $1 Bxd6 18. bxc5 $18) (14... Nc5 $1 15. Bf4 (15. a4 b4 16. Ne4 Nxe4
17. Qxe4 Rc8 $14) 15... O-O 16. Nd5 exd5 17. Qxe7 $16) 15. Bg5 $1 $18 (15. Ne4
Qg6 $1 (15... Qf5 16. g4 Qd5 17. Rd1 Qc6 18. Qf3+ Kg6 19. h4 $1 h5 20. gxh5+
Rxh5 21. Qg4+ $18) 16. Qf3+ Qf5 $8 17. Qxf5+ exf5 18. Ng5+ Bxg5 19. Bxg5 $16)
15... Qf5 (15... Qg6 16. Bxe7 Kxe7 17. Nd5+ $18 {/\ Nf4-e6/}) 16. Bxe7 Kxe7 17.
g4 Qe5 (17... Qg6 18. Nd5+ Kf7 19. Nf4 Qh6 20. Qxe6+ Qxe6 21. Nxe6 $18) 18. Qf3
Raf8 19. Rxe5 $2 (19. Nd5+ $1 Kd8 20. Rxe5 Rxf3 21. Rxe6 Rhf8 22. Rf1 $18)
19... Rxf3 20. Rxe6+ Kxe6 21. Kxf3 $16 Ne5+ 22. Kg3 h5 $6 (22... Rc8 $5 $16)
23. gxh5 Rxh5 24. f4 Nc4 (24... b4 $5 25. Ne4 Nc4 $16) 25. b4 Na3 26. Re1+ Kd7
27. Re2 d5 28. Kg4 g6 29. Rd2 Kd6 $6 (29... Ke6 $142 $16) 30. Ne4+ $18 Kc6 31.
Ng3 Rh8 32. Kg5 Rg8 33. Ne2 a5 $6 34. Nd4+ (34. bxa5 $18) 34... Kd7 35. bxa5
Nc4 36. Re2 Nd6 37. Re6 Nf5 38. Re5 Ne7 {time} (38... Ne7 39. a6 Ra8 40. a7 $1
$18) 0-1

[Event "Baku FIDE GP"]
[Site "Baku"]
[Date "2008.04.23"]
[Round "3"]
[White "Gashimov, Vugar"]
[Black "Svidler, Peter"]
[Result "1-0"]
[WhiteElo "2679"]
[BlackElo "2746"]
[Annotator "Gashimov,V"]
[PlyCount "61"]
[EventDate "2008.04.21"]
[EventType "tourn"]
[EventRounds "13"]
[EventCountry "AZE"]
[EventCategory "19"]
[SourceTitle "CBM 124"]
[Source "ChessBase"]
[SourceDate "2008.05.28"]
[SourceVersion "1"]
[SourceVersionDate "2008.05.28"]
[SourceQuality "1"]

1. e4 c5 2. Nf3 e6 3. d4 cxd4 4. Nxd4 a6 5. Nc3 b5 6. Be2 Bb7 7. Bf3 {A fairly
rare method of handling the position, but one that I think is very interesting.
Eine recht seltene Behandlungsweise der Stellung, aber eine, die ich sehr
interessant finde.} Qc7 8. O-O Bd6 9. a4 $1 $146 {A novelty, found at the
board, which I think will "close" this variation for a long time to come.
White usually continues 9.g3. Eine Neuerung, am Brett gefunden, welche m. E.
nach diese Variante auf lange Zeit "ad acta" legen wird. Gewöhnlich setzt Weiß
9.g3 fort.} Bxh2+ 10. Kh1 Be5 ({Bad is Schlecht ist.} 10... b4 $2 11. Ncb5 axb5
12. Nxb5 Qe5 13. g3 $18) 11. axb5 Nf6 12. Be3 ({Stronger was Stärker war} 12.
Qd3 $1 h5 13. Ra4) 12... O-O (12... h5 $1 $132 {gives Black reasonable
counterplay on the kingside, since after ...Ng4 the bishop on e3 comes under
attack. gibt Schwarz ordentliches Gegenspiel am Königsflügel, denn nach ...Ng4
kommt der Läufer auf e3 unter Feuer.}) 13. Qd3 {Now Black has no counterplay.
Nun hat Schwarz kein Gegenspiel.} d6 14. Rfd1 Nfd7 (14... Nbd7 {loses because
of verliert wegen} 15. bxa6 Nc5 16. Ndb5 $1 $18) 15. Qd2 $1 ({Black manages to
get his pieces into play after Seine Figuren ins Spiel bekommt Schwarz nach} 
15. Kg1 Nc5 16. Qd2 a5 {and the other black knight comes to b6. und der andere
schwarze Springer kommt nach b6.}) 15... Rc8 16. Be2 $1 {The threat is f4,
after which Black has to exchange his active defensive bishop. Die Drohung
lautet f4, wonach Schwarz seinen aktiven Verteidigungsläufer tauschen muss.}
Nf6 17. f4 Bxd4 18. Qxd4 d5 (18... e5 19. Qb4 exf4 20. Bxf4 $16) (18... axb5
19. Rxa8 Bxa8 20. Nxb5 $18) 19. bxa6 {The move 19.b6, followed by e5, also
deserved attention. Der Zug 19.b6, gefolgt von e5, verdiente ebenfalls
Aufmerksamkeit.} Nxa6 (19... Bxa6 20. Bxa6 Rxa6 21. exd5 Rxa1 22. Rxa1 exd5 23.
Nxd5 Nxd5 24. Qxd5 {and now 24...Qc2 is not possible because of 25.Rc1! , und
nun ist 24...Qc2 nicht möglch wegen 25.Rc1!}) 20. e5 Ne8 {The knight must
defend the square d6. Der Springer muss das Feld d6 decken.} 21. f5 $1 {
Onward! Vorwärts!} Nc5 22. Bb5 $5 ({Also good is Ebenfalls gut ist} 22. Rxa8
Bxa8 23. Ra1) 22... Qd8 23. Rxa8 Bxa8 24. f6 {Opening up the enemy king. Legt
den feindlichen König bloß.} Nd7 25. fxg7 Qc7 26. Bf4 {The simplest. Am
einfachsten.} Qb7 (26... Nxg7 27. Bxd7 Qxd7 28. Ne4 $18 {and the knight comes
in. und der Springer dringt ein.}) 27. Rd3 $1 {With a decisive attack. Mit
entscheidendem Angriff.} Nxg7 (27... Rxc3 28. Rxc3 Qxb5 29. Rc8 Nb6 30. Rb8)
28. Bxd7 Rc4 29. Qf2 Qxd7 30. Rg3 Kh8 31. Bg5 {Black resigned, and I was able
to chalk up my first win of the tournament. Schwarz gab auf, und ich durfte
mir meinen ersten Sieg in dem Turnier gutschreiben.} 1-0

[Event "Rowy op"]
[Site "Rowy"]
[Date "1999.06.04"]
[Round "8"]
[White "Gipslis, Aivars P"]
[Black "Poluljahov, Aleksandr"]
[Result "0-1"]
[WhiteElo "2470"]
[BlackElo "2554"]
[Annotator "Gipslis,A"]
[PlyCount "78"]
[EventDate "1999.05.??"]
[EventType "swiss"]
[EventRounds "9"]
[EventCountry "POL"]
[SourceTitle "CBM 073"]
[Source "ChessBase"]
[SourceDate "1999.12.01"]
[SourceVersion "1"]
[SourceVersionDate "1999.12.01"]
[SourceQuality "1"]

1. e4 c5 2. Nf3 e6 3. d4 cxd4 4. Nxd4 a6 5. Nc3 Qc7 6. g3 Bb4 7. Bd2 Nc6 (7...
Nf6 8. Bg2 Nc6 9. Nxc6 bxc6 (9... dxc6 $5) 10. O-O Be7 11. Re1 e5 (11... d6)
12. Na4 d6 13. c4 Be6 14. c5 dxc5 (14... O-O 15. cxd6 Bxd6 16. Bg5 Be7 17. Qc2
h6 18. Be3 Rab8 19. Rac1 Rfd8 20. Bc5 $16) 15. Be3 Nd7 16. Qc2 Qa5 17. Rec1 $16
{Diaz - Portiss, Biel (izt) 1975}) 8. Nxc6 dxc6 9. Qg4 Bf8 10. f4 e5 11. f5 (
11. Qf3 $5 Nf6 12. h3 Bc5 13. O-O-O O-O 14. g4 (14. f5 $5) 14... exf4 15. Bxf4
Qa5 16. e5 Nd5 17. Nxd5 cxd5 18. Kb1 Be6 19. Bd3 $13 {Alexsandrija - Levitina,
Masakava 1975}) 11... h5 $146 (11... Nf6 12. Qf3 b5 13. g4 h6 14. h4 Bb7 15.
Rh3 $8 O-O-O 16. g5 Nd7 17. O-O-O Kb8 18. Ne2 c5 $1 19. f6 gxf6 20. gxh6 $13 {
Barlov - Kovacevic, Tarcy 1991}) 12. Qf3 b5 $5 13. h3 Nf6 14. Bg2 Bb7 15. g4 b4
16. Nd1 c5 17. Nf2 hxg4 18. hxg4 Rxh1+ 19. Bxh1 c4 20. g5 Nd7 21. Be3 Nc5 22.
Rd1 Na4 23. b3 $6 $19 (23. Bc1 c3 24. b3 Nb2 25. Rd5 Bxd5 26. exd5 $44) 23...
Nc3 24. Ra1 O-O-O 25. Bg2 Bc5 26. bxc4 Bd4 27. a3 Nb5 28. Bxd4 Nxd4 29. Qd3 Nb5
30. Qb3 Nd4 31. Qd3 bxa3 32. f6 gxf6 33. Rxa3 fxg5 34. Kf1 f5 35. Qc3 (35. exf5
Bxg2+ 36. Kxg2 Nb5 37. cxb5 Rxd3 38. Rxd3 $17) 35... f4 36. Bh3+ Kb8 37. Nd3
Rh8 38. Nb4 Rxh3 39. Qxh3 Qxc4+ {1:25 - 1:59} 0-1

[Event "St Petersburg op"]
[Site "St Petersburg"]
[Date "1994.??.??"]
[Round "7"]
[White "Svidler, Peter"]
[Black "Zhelnin, Vladimir V"]
[Result "1-0"]
[WhiteElo "2505"]
[BlackElo "2420"]
[Annotator "Glatman,V"]
[PlyCount "49"]
[EventDate "1994.02.??"]
[EventType "swiss"]
[EventRounds "9"]
[EventCountry "RUS"]
[SourceTitle "CBM 041"]
[Source "ChessBase"]
[SourceDate "1994.08.01"]
[SourceVersion "1"]
[SourceVersionDate "1994.08.01"]
[SourceQuality "1"]

1. e4 c5 2. Nf3 a6 3. Nc3 b5 4. d4 cxd4 5. Nxd4 Bb7 6. Bd3 e6 7. Qe2 (7. O-O)
7... Ne7 8. e5 Bxg2 9. Rg1 Bb7 10. Bg5 Qb6 11. Be3 Nd5 (11... Qc7 $2 12. Ndxb5
$1 axb5 13. Nxb5 Qa5+ (13... Qxe5 14. f4 $1 Qxb2 15. Bd4 $1 $18) 14. b4 $1
Qxb4+ 15. c3 Qa4 16. Nd6+ Kd8 17. Bb6#) 12. Nxd5 Bxd5 13. Nf5 Qc7 14. Nd6+ Bxd6
15. exd6 Qxd6 16. O-O-O Nc6 (16... O-O $2 17. Bxh7+ Kxh7 18. Qh5+ Kg8 19. Rxg7+
$1 Kxg7 20. Rg1+ Kf6 21. Qg5#) 17. Rxg7 Qxh2 18. Rg5 {/\Rxd5} Nb4 19. Qg4 Nxd3+
20. Rxd3 Qh1+ 21. Kd2 Qe4 22. Qg3 f5 23. Qd6 Rc8 24. Rg7 Qh4 25. Qxd7+ 1-0

[Event "Tel Aviv Last Autumn"]
[Site "Tel Aviv"]
[Date "2002.11.03"]
[Round "2"]
[White "Kundin, Alexander"]
[Black "Roiz, Michael"]
[Result "1/2-1/2"]
[WhiteElo "2429"]
[BlackElo "2512"]
[Annotator "Gofshtein,L"]
[PlyCount "77"]
[EventDate "2002.11.01"]
[EventType "tourn"]
[EventRounds "9"]
[EventCountry "ISR"]
[EventCategory "8"]
[SourceTitle "CBM 092"]
[Source "ChessBase"]
[SourceDate "2003.02.06"]
[SourceVersion "1"]
[SourceVersionDate "2003.02.06"]
[SourceQuality "1"]

1. e4 c5 2. Nc3 a6 3. Nf3 b5 4. d4 cxd4 5. Nxd4 e6 6. Bd3 Qb6 7. Be3 Bc5 8. Be2
Nc6 9. Nxc6 dxc6 10. Bxc5 Qxc5 11. Qd3 Nf6 12. O-O-O O-O 13. f4 e5 14. f5 Ra7
$5 {[%cal Ya7d7,Yd7d3][%mdl 4] Black is transfering the rook via 7th rank;
Another possible plan is just to advance queenside pawns as it's shown in
following game:} (14... a5 $5 15. g4 a4 16. g5 Nd7 17. Rd2 b4 18. Nd1 Ba6 19.
Qxd7 Bxe2 $132 {0-1 Peng Xiaomin-Xu Jun/Udaipur 2000/EXT 2001 (37)}) 15. g4 Rd7
16. Qf3 Rfd8 {[%cal Yd7d1]} 17. g5 {In case of 17.Bd3 black has some monouevre
of knight moving it to the queenside;} (17. Bd3 Ne8 (17... a5 18. g5 Ne8 19. h4
a4 20. a3 b4 $132 {0-1 Yagupov,I-Kobalija,M/St Petersburg 2001/EXT 2002 (52)})
18. Rhe1 Nd6 19. Qe2 Nb7 20. Kb1 Qe7 21. Qe3 Nc5 22. g5 Nxd3 23. cxd3 Bb7 24.
Rd2 c5 $132 {0-1 Jonsson,B-Landa,K/Reykjavik 1999/EXT 2000 (73)}) 17... Ne8 $5
$146 {[%mdl 8] That's the improvement of this opening line; Immediate trade of
rooks just helps white to transfer his knight to the kingside;} (17... Rxd1+ $6
18. Nxd1 Ne8 19. Nf2 Qe7 20. Rg1 $36 {1-0 Balinov,I-Hoffmann,M/Budapest 1999/
CBM 69 ext (38)}) 18. Rxd7 Rxd7 19. h4 a5 20. Nd1 a4 $132 21. Qc3 {White is
looking for trades cuz black's initiative over the queenside may become
dangerous;} Qxc3 22. Nxc3 Kf8 {[%mdl 4096]} 23. a3 {trying to block pawns over
the queenside;} Ra7 {[%cal Yc8d7] clearing d7 spot for Bc8;} 24. Rd1 Ke7 25.
Bg4 f6 26. Bh5 Nd6 $5 {[%cal Yd6e4,Yd6c4,Yd6b5] Black is moving the knight to
the centre, and it makes the game equal;} 27. gxf6+ gxf6 28. Be2 Bd7 29. Kd2
Ra8 30. Rg1 Kf8 31. Ke3 {White is changing guards of e4 pawn- now white knight
can be transferred to better squares;} Be8 {[%cal Ye8h5]} 32. Nd1 c5 {[%cal
Ye8c6,Yc6e4] activization of black bishop;} 33. Nf2 Bc6 34. Ng4 {[%cal Yg4f6,
Yg4h6]} Ne8 $5 35. Nh6 Ng7 {Closing off entries on g-file;} 36. Ng4 Ne8 37. Nh6
Ng7 38. Rd1 Ke7 39. Rg1 1/2-1/2